00985nam a2200229 a 450000100100000000500170001000800410002704000250006808200150009310000300010824501230013826000360026130000200029750000420031750400300035959000750038970000340046404900090049895201130050795201180062099900170073800002582520200930024058.0110223s1987 dr 000 0 spa d aDO-SdBNPbspacBNPHU axxxbB236p1 aBarbieri, Teresita95265413aLa presencia de las mujeres en América Latina en una década de crisis /cTeresita Barbieri, Orlandina de Oliveira. aSanto Domingo :bBúho,c1987. a95 p. ;c22 cm. aIncluye notas al pie de las páginas aBibliografía : p. 83-95 aPerteneció a la biblioteca personal de Juan Isidro Jimenes Grullón1 aOliveira, Orlandina de952655 aBNPD 0010718PDaPDbPDcCTd2011-02-23iLF1l0oxxx B236pp25825-10r2020-06-25w2020-06-25yLFPDZNo se presta 0010718PDaPDbPDcCTd2011-02-23iLF1l0oxxx B236pp25825-20r2020-06-25te.2w2020-06-25yLFPDZNo se presta c25317d25317